Minicomputers hardware, software, and applications

Guardado en:
Detalles Bibliográficos
Formato: Libro
Lenguaje:inglés
Publicado: New York Institute of electrical and electronics engineers 1972
Etiquetas: Agregar Etiqueta
Sin Etiquetas, Sea el primero en etiquetar este registro!

MARC

LEADER 00000nam a2200000 4500
001 c109389
005 20241023105059.1
041 0 |a eng 
044 |a US 
245 1 0 |a Minicomputers  |b hardware, software, and applications  |c Ed. by James D. Schoeffler and Ronald H. Temple 
264 1 |a New York  |b Institute of electrical and electronics engineers  |c 1972 
300 |a 366 s.